| 000 -LEADER |
| fixed length control field |
00790nam a22001337a 4500 |
| 040 ## - CATALOGING SOURCE |
| Transcribing agency |
RUA |
| 082 ## - DEWEY DECIMAL CLASSIFICATION NUMBER |
| Classification number |
AGR KIM 2021 B1-586 Or. |
| 100 ## - MAIN ENTRY--AUTHOR NAME |
| Personal name |
KIM LONGENG, គីម ឡុងអេង |
| 245 ## - TITLE STATEMENT |
| Title |
CHARACTERIZATION OF ETHYL METHANESULFONATE(EMS) INDUCED MUTATION POPULATION OF MUNG BEAN(Vigna rediata),ការកំណត់លក្ខណៈប្រជាករបរវត្តរូបដំណាំសណ្តែកបាយ(Vigna radiation)ដែលបង្កើតតាមរយៈសារធាតុជម្រុញអេទីលមេតានស៊ុលហ្វូណាត |
| 260 ## - PUBLICATION, DISTRIBUTION, ETC. (IMPRINT) |
| Place of publication |
phnom penh |
| Name of publisher |
rua |
| Year of publication |
2021 |
| 300 ## - PHYSICAL DESCRIPTION |
| Number of Pages |
viii,23p. |
| Other physical details |
ill. |
| Dimensions |
29cm. |
| 856 ## - ELECTRONIC LOCATION AND ACCESS |
| Uniform Resource Identifier |
https://drive.google.com/file/d/1_itCb2PGMSNxpsgmDsadwrn_PBso2qyh/view?usp=sharing |
| 942 ## - ADDED ENTRY ELEMENTS (KOHA) |
| Koha item type |
AGR |
| 952 ## - LOCATION AND ITEM INFORMATION (KOHA) |
| Withdrawn status [LOCAL, KOHA] |
0 |
| 952 ## - LOCATION AND ITEM INFORMATION (KOHA) |
| Withdrawn status [LOCAL, KOHA] |
0 |
| 952 ## - LOCATION AND ITEM INFORMATION (KOHA) |
| Withdrawn status [LOCAL, KOHA] |
0 |